000 00421nam a2200145Ia 4500
008 100415s9999 xx 000 0 und d
082 _b19547
_a598.2(70)
100 _aBent,A.C
245 _aLife histories Of North American...
260 _aWASHINGTON
_c1938
_bSMITHSONIAN INSTITUTION
365 _b0
630 _aLife histories Of North American...
730 _aLife histories Of North American...
942 _cBOOK
999 _c602444
_d602441